| 000 -LEADER |
| fixed length control field |
00626nam a22001937a 4500 |
| 005 - DATE AND TIME OF LATEST TRANSACTION |
| control field |
20231107081850.0 |
| 008 - FIXED-LENGTH DATA ELEMENTS--GENERAL INFORMATION |
| fixed length control field |
231107b ||||| |||| 00| 0 eng d |
| 020 ## - INTERNATIONAL STANDARD BOOK NUMBER |
| International Standard Book Number |
9787107315206 |
| 040 ## - CATALOGING SOURCE |
| Transcribing agency |
KH8 |
| 082 ## - DEWEY DECIMAL CLASSIFICATION NUMBER |
| Classification number |
495.186 ZON |
| 100 ## - MAIN ENTRY--PERSONAL NAME |
| Personal name |
Zong zhu bian Wen Rumin |
| Relator term |
author |
| 245 ## - TITLE STATEMENT |
| Title |
Grade one Chinese language textbook / |
| Statement of responsibility, etc. |
Zong zhu bian Wen Rumin |
| 260 ## - PUBLICATION, DISTRIBUTION, ETC. |
| Place of publication, distribution, etc. |
Beijing, |
| Name of publisher, distributor, etc. |
People's Education Press, |
| Date of publication, distribution, etc. |
2018 |
| 300 ## - PHYSICAL DESCRIPTION |
| Extent |
124 pages ; |
| Other physical details |
26 cm. |
| 650 ## - SUBJECT ADDED ENTRY--TOPICAL TERM |
| Topical term or geographic name entry element |
Chinese language |
| 650 ## - SUBJECT ADDED ENTRY--TOPICAL TERM |
| Topical term or geographic name entry element |
Chinese language |
| Form subdivision |
Readers Juvenile literature |
| 650 ## - SUBJECT ADDED ENTRY--TOPICAL TERM |
| Topical term or geographic name entry element |
Chinese language |
| Form subdivision |
Study and teaching (Primary) |
| 942 ## - ADDED ENTRY ELEMENTS (KOHA) |
| Source of classification or shelving scheme |
|
| Koha item type |
Teaching Resources |